Octubre : (Record no. 6293)

MARC details
000 -LEADER
campo de control de longitud fija 01600nas a2200337 i 4500
001 - NÚMERO DE CONTROL
campo de control 6293
003 - IDENTIFICADOR DE NÚMERO DE CONTROL
campo de control ES-MaACL
005 - FECHA Y HORA DE LA ÚLTIMA TRANSACCIÓN
campo de control 20250819061546.0
007 - CAMPO FIJO DE DESCRIPCIÓN FÍSICA--INFORMACIÓN GENERAL
campo de control de longitud fija t|
008 - DATOS DE LONGITUD FIJA--INFORMACIÓN GENERAL
campo de control de longitud fija 890920e19331934sp |||| | spa d
022 ## - NÚMERO INTERNACIONAL NORMALIZADO PARA PUBLICACIONES SERIADAS
Número Internacional Normalizado para Publicaciones Seriadas 2480-1062
040 ## - FUENTE DE CATALOGACIÓN
Centro/agencia transcriptor ES-MaACL
080 ## - NÚMERO DE LA CLASIFICACIÓN DECIMAL UNIVERSAL
Número de la Clasificación Decimal Universal 141.82:82
245 00 - MENCIÓN DEL TÍTULO
Título Octubre :
Resto del título escritores y artistas revolucionarios : Madrid, junio-julio 1933 - abril 1934 (6 números) ; Octubre: revelación de una revista mítica, por Enrique Montero
246 ## - FORMA VARIANTE DEL TITULO
Título propio/Titulo breve Octubre :
Resto del título revelación de una revista mítica
260 ## - PUBLICACIÓN, DISTRIBUCIÓN, ETC.
Lugar de publicación, distribución, etc. Madrid :
Nombre del editor, distribuidor, etc. Turner ;
Lugar de publicación, distribución, etc. Vaduz, Liechtenstein :
Nombre del editor, distribuidor, etc. Topos,
Fecha de publicación, distribución, etc. 1977.
300 ## - DESCRIPCIÓN FÍSICA
Extensión XXXVI, 176 páginas ;
Dimensiones 30 cm
490 1# - MENCIÓN DE SERIE
Mención de serie Biblioteca del 36. Revistas en la Segunda República española ;
Designación de volumen o secuencia 11
530 ## - NOTA DISPONIBLE DE FORMULARIO FÍSICO ADICIONAL
Nota de formato físico adicional disponible Disponible en formato digital la edición original
534 ## - NOTA SOBRE LA VERSIÓN ORIGINAL
Frase introductoria Reprod. anastática de la ed. de: Madrid: Gráf. Carrazas, 1933-1934
630 04 - PUNTO DE ACCESO ADICIONAL DE MATERIA--TÍTULO UNIFORME
Título uniforme Octubre (Madrid. 1933)-
Subdivisión de forma Facsímiles.
9 (RLIN) 167890
650 #7 - PUNTO DE ACCESO ADICIONAL DE MATERIA--TÉRMINO DE MATERIA
Término de materia o nombre geográfico como elemento de entrada Comunismo y literatura
Fuente del encabezamiento o término embne
9 (RLIN) 160776
655 #7 - TERMINO DE INDIZACIÓN--GENERO/FORMA
Fuente del término tgfbne
9 (RLIN) 226866
Datos o término principal de género/forma Revistas
700 1# - ENTRADA AGREGADA--NOMBRE PERSONAL
Nombre de persona Montero Hernández, Enrique
Término indicativo de función/relación Autor
9 (RLIN) 82473
830 00 - PUNTO DE ACCESO ADICIONAL DE SERIE-TÍTULO UNIFORME
Título uniforme Biblioteca del 36.
Nombre de parte o sección de la obra Revistas en la Segunda República española
Designación de volumen o secuencia 11
9 (RLIN) 177501
852 ## - LOCALIZACIÓN
Ubicación ES-MaACL
856 ## - LOCALIZACIÓN Y ACCESO ELECTRÓNICOS
Identificador Uniforme de Recursos <a href="https://www.memoriademadrid.es/buscador.php?accion=VerFicha&id=30568&num_id=1&num_total=2">https://www.memoriademadrid.es/buscador.php?accion=VerFicha&id=30568&num_id=1&num_total=2</a>
Texto de enlace Versión en línea
Nota pública (Biblioteca Digital Memoria de Madrid)
856 ## - LOCALIZACIÓN Y ACCESO ELECTRÓNICOS
Identificador Uniforme de Recursos <a href="http://revistas.edaddeplata.org:8080/cgi-bin_todas/WUV.exe?app=rev">http://revistas.edaddeplata.org:8080/cgi-bin_todas/WUV.exe?app=rev</a>
Texto de enlace Versión en línea
Nota pública (Revistas de la Edad de Plata)
942 ## - ELEMENTOS DE ENTRADA SECUNDARIOS (KOHA)
Fuente del sistema de clasificación o colocación Clasificación decimal universal
Tipo de ítem Koha Revista
Suprimir en OPAC No
Holdings
Estatus retirado Estado de pérdida Fuente del sistema de clasificación o colocación Estado de daño No para préstamo Biblioteca de origen Biblioteca actual Ubicación en estantería Fecha de adquisición Fuente de adquisición Total de préstamos Signatura topográfica completa Código de barras Visto por última vez Tipo de ítem Koha
    Clasificación decimal universal     Biblioteca del Ateneo de Madrid Biblioteca del Ateneo de Madrid Depósito 2 17/01/2008 SC   L-13503 1006406 23/02/2023 Revista